Southville International School and Colleges
Your cart is empty.
  • Cart
  • Lists
    Public lists Eva Luna New books Lux_list list_1
    Your lists Log in to create your own lists
  • Log in to your account
  • Your cookies
  • Search history
Southville International School and Colleges
  • Advanced search
  • Recent comments
  • Most popular
  • Libraries

Log in to your account

Log in with GOOGLE


If you do not have an external account, but do have a local account, you can still log in:

  1. Home
  2. MARC view: The adventures of spider /
Normal view MARC view ISBD view

The adventures of spider / (Record no. 47500)

[ view plain ]
MARC details
000 -LEADER
fixed length control field 00550nam a22002057a 4500
003 - CONTROL NUMBER IDENTIFIER
control field OSt
005 - DATE AND TIME OF LATEST TRANSACTION
control field 20140318140344.0
008 - FIXED-LENGTH DATA ELEMENTS--GENERAL INFORMATION
fixed length control field 131016t xxu||||| |||| 00| 0 eng d
020 ## - INTERNATIONAL STANDARD BOOK NUMBER
International Standard Book Number 0590321831
050 ## - LIBRARY OF CONGRESS CALL NUMBER
Classification number PZ 8.1
Item number .Ar7Ad 1997
100 ## - MAIN ENTRY--PERSONAL NAME
Personal name Arkhurst, Joyce Cooper
9 (RLIN) 29793
245 ## - TITLE STATEMENT
Title The adventures of spider /
Statement of responsibility, etc Joyce Cooper Akhurst.
260 ## - PUBLICATION, DISTRIBUTION, ETC. (IMPRINT)
Place of publication, distribution, etc New York :
Name of publisher, distributor, etc Scholastic Inc.,
Date of publication, distribution, etc 1964.
300 ## - PHYSICAL DESCRIPTION
Extent 58 p. :
Other physical details ill. col. ;
Dimensions 23 cm.
521 ## - TARGET AUDIENCE NOTE
Target audience note
526 ## - STUDY PROGRAM INFORMATION NOTE
Reading level 710
650 ## - SUBJECT ADDED ENTRY--TOPICAL TERM
Topical term or geographic name as entry element Spider
General subdivision Fiction
9 (RLIN) 29794
942 ## - ADDED ENTRY ELEMENTS (KOHA)
Source of classification or shelving scheme Library of Congress Classification
Koha item type Books
Holdings
Withdrawn status Lost status Source of classification or shelving scheme Damaged status Home library Current library Shelving location Date acquired Total Checkouts Full call number Barcode Date last seen Copy number Price effective from Koha item type
    Library of Congress Classification   Munich Library Munich Library Scholastic Reading Center Section 03/18/2014   PZ 8.1 .Ar7Ad 1997 MS0761 03/18/2014 1 03/18/2014 Books

The adventures of spider /

APA

Arkhurst J. C., . (1964). The adventures of spider. New York: Scholastic Inc.

Chicago

Arkhurst Joyce Cooper, . 1964. The adventures of spider. New York: Scholastic Inc.

Harvard

Arkhurst J. C., . (1964). The adventures of spider. New York: Scholastic Inc.

MLA

Arkhurst Joyce Cooper, . The adventures of spider. New York: Scholastic Inc. 1964.

  • Place hold
  • Print
  • Cite
  • Add to your cart (remove)
  • Save record
    BIBTEX Dublin Core MARCXML MARC (non-Unicode/MARC-8) MARC (Unicode/UTF-8) MARC (Unicode/UTF-8, Standard) MODS (XML) RIS
  • More searches
    Search for this title in:
    Other Libraries (WorldCat) Other Databases (Google Scholar) Online Stores (Bookfinder.com) Open Library (openlibrary.org)

Exporting to Dublin Core...

SOUTHVILLE LIBRARY

Southville International School and Colleges Library

1281 Tropical Ave. Cor. Luxembourg St., BF Homes International, Las Pinas City

Tel. No. 8256374 / 252358 Loc. 117/146

Powered by Koha